000
00285nam a22001337a 4500
008
180314b xxu||||| |||| 00| 0 eng d
020
_a
2900882847008
041
_a
eng
080
_a
78
100
_a
45
101
_a
MUZ
245
_a
group piano
_c
lanecaster.e.l
942
_2
udc
_c
BK
999
_c
45057
_d
45057